[Event "Valasska Bystrice op"]
[Site "Valasska Bystrice"]
[Date "2023.09.14"]
[Round "7"]
[White "Peterka, Josef"]
[Black "Bosak, Jan"]
[Result "0-1"]
[WhiteElo "1854"]
[BlackElo "2079"]
[PlyCount "93"]
[EventDate "2023.09.09"]
[EventType "swiss"]
[EventRounds "9"]
[EventCountry "CZE"]
[SourceTitle "EXT 2024"]
[Source "ChessBase"]
[SourceDate "2023.10.10"]
[SourceVersion "1"]
[SourceVersionDate "2023.10.10"]
[SourceQuality "1"]

1. d4 Nf6 2. e3 e6 3. Bd3 c5 4. c3 b6 5. Nf3 Be7 6. 0-0 Ba6 7. Bxa6 Nxa6 8. e4 0-0 9. Ne5 Nb8 10. f3 d6 11. Nd3 Nc6 12. Be3 cxd4 13. cxd4 Rc8 14. Nc3 d5 15. Ne5 Bb4 16. Rc1 dxe4 17. Nxc6 Rxc6 18. Qa4 Bxc3 19. Qxc6 Bxd4 20. Bxd4 Qxd4+ 21. Rf2 e3 22. Re2 Nd5 23. g3 h5 24. Qc4 Qf6 25. Kg2 a5 26. Qe4 Rd8 27. Rc6 g6 28. a3 Kg7 29. f4 h4 30. Qe5 hxg3 31. Qxf6+ Kxf6 32. hxg3 g5 33. Kf3 gxf4 34. gxf4 Rh8 35. Kg4 Rh1 36. Rc4 Rg1+ 37. Kf3 Rf1+ 38. Kg3 Kf5 39. Rd4 f6 40. b3 Rb1 41. b4 axb4 42. axb4 Rg1+ 43. Kf3 Rf1+ 44. Kg3 b5 45. Rh2 Nxf4 46. Rxf4+ Rxf4 47. Rh5+ 0-1

[Event "Valasska Bystrice op"]
[Site "Valasska Bystrice"]
[Date "2023.09.13"]
[Round "6"]
[White "Bosak, Jan"]
[Black "Juracak, David"]
[Result "1/2-1/2"]
[WhiteElo "2079"]
[BlackElo "1781"]
[PlyCount "39"]
[EventDate "2023.09.09"]
[EventType "swiss"]
[EventRounds "9"]
[EventCountry "CZE"]
[SourceTitle "EXT 2024"]
[Source "ChessBase"]
[SourceDate "2023.10.10"]
[SourceVersion "1"]
[SourceVersionDate "2023.10.10"]
[SourceQuality "1"]

1. Nf3 Nf6 2. c4 e6 3. Nc3 d5 4. d4 Be7 5. Bg5 0-0 6. e3 b6 7. cxd5 exd5 8. Bd3 h6 9. Bh4 Bb7 10. 0-0 Nbd7 11. Qe2 Re8 12. Rac1 c5 13. Ba6 Qc8 14. Bxb7 Qxb7 15. dxc5 bxc5 16. Rfd1 d4 17. exd4 cxd4 18. Qb5 Rab8 19. Nxd4 Qa8 20. Qa6 1/2-1/2

[Event "Valasska Bystrice op"]
[Site "Valasska Bystrice"]
[Date "2023.09.11"]
[Round "4"]
[White "Briza, Jiri"]
[Black "Bosak, Jan"]
[Result "0-1"]
[WhiteElo "1854"]
[BlackElo "2079"]
[PlyCount "60"]
[EventDate "2023.09.09"]
[EventType "swiss"]
[EventRounds "9"]
[EventCountry "CZE"]
[SourceTitle "EXT 2024"]
[Source "ChessBase"]
[SourceDate "2023.10.10"]
[SourceVersion "1"]
[SourceVersionDate "2023.10.10"]
[SourceQuality "1"]

1. e4 e6 2. d4 d5 3. Nd2 Nf6 4. e5 Nfd7 5. Ngf3 c5 6. c3 Nc6 7. Bb5 cxd4 8. cxd4 Qb6 9. Bxc6 bxc6 10. 0-0 Ba6 11. Re1 c5 12. Nb3 c4 13. Nbd2 Be7 14. Nb1 0-0 15. Nc3 f6 16. Rb1 fxe5 17. Nxe5 Nxe5 18. Rxe5 Bf6 19. Na4 Qd6 20. Rh5 g6 21. Rh3 e5 22. Be3 Bc8 23. dxe5 Qxe5 24. Rg3 d4 25. Bh6 Rf7 26. Qd2 Qb5 27. b3 Bf5 28. Rd1 c3 29. Nxc3 dxc3 30. Rxc3 Rd7 0-1

[Event "Stare Mesto op"]
[Site "Stare Mesto"]
[Date "2021.08.16"]
[Round "4"]
[White "Bosak, Jan"]
[Black "Matus, Filip"]
[Result "1-0"]
[WhiteElo "2076"]
[BlackElo "1903"]
[PlyCount "67"]
[EventDate "2021.08.13"]
[EventType "swiss"]
[EventRounds "9"]
[EventCountry "CZE"]
[SourceTitle "CBM 203 Extra"]
[Source "ChessBase"]
[SourceDate "2021.09.30"]
[SourceVersion "1"]
[SourceVersionDate "2021.09.30"]
[SourceQuality "1"]

1. Nf3 Nf6 2. c4 c6 3. Nc3 d5 4. d4 e6 5. Bg5 dxc4 6. e4 b5 7. e5 h6 8. Bh4 g5 9. Nxg5 hxg5 10. Bxg5 Nbd7 11. g3 Bb7 12. Bg2 Qb6 13. exf6 c5 14. d5 0-0-0 15. 0-0 b4 16. Na4 Qb5 17. a3 Bh6 18. Bxh6 Rxh6 19. axb4 cxb4 20. Qd4 a5 21. dxe6 fxe6 22. Bxb7+ Kxb7 23. Rfd1 Rhh8 24. Qe4+ Qc6 25. Rxd7+ Rxd7 26. Nc5+ Kc7 27. Nxe6+ Kb6 28. Qe3+ Kb5 29. Nd4+ Rxd4 30. Qxd4 Rh5 31. Qa7 Qb6 32. Qd7+ Ka6 33. f7 Rh8 34. Rd1 1-0

[Event "Vsetin op 45th"]
[Site "Vsetin"]
[Date "2020.07.10"]
[Round "9"]
[White "Seemann, Jakub"]
[Black "Bosak, Jan"]
[Result "1-0"]
[WhiteElo "2026"]
[BlackElo "2046"]
[PlyCount "39"]
[EventDate "2020.07.04"]
[EventType "swiss"]
[EventRounds "9"]
[EventCountry "CZE"]
[SourceTitle "CBM 197 Extra"]
[Source "ChessBase"]
[SourceDate "2020.09.30"]
[SourceVersion "1"]
[SourceVersionDate "2020.09.30"]
[SourceQuality "1"]

1. e4 e6 2. d4 d5 3. Nd2 a6 4. Ngf3 c5 5. dxc5 Bxc5 6. Bd3 dxe4 7. Nxe4 Bb4+ 8. c3 Be7 9. 0-0 Nd7 10. Bf4 Ndf6 11. Ne5 Nd5 12. Qa4+ Bd7 13. Nxd7 Qxd7 14. Qxd7+ Kxd7 15. Bd2 h6 16. Rad1 Ngf6 17. Nxf6+ Nxf6 18. c4 Rhd8 19. Ba5 Re8 20. Bg6+ 1-0

[Event "Vsetin op 45th"]
[Site "Vsetin"]
[Date "2020.07.09"]
[Round "8"]
[White "Bosak, Jan"]
[Black "Zvolensky, David"]
[Result "1-0"]
[WhiteElo "2046"]
[BlackElo "2129"]
[PlyCount "69"]
[EventDate "2020.07.04"]
[EventType "swiss"]
[EventRounds "9"]
[EventCountry "CZE"]
[SourceTitle "CBM 197 Extra"]
[Source "ChessBase"]
[SourceDate "2020.09.30"]
[SourceVersion "1"]
[SourceVersionDate "2020.09.30"]
[SourceQuality "1"]

1. c4 e6 2. Nc3 d5 3. d4 c5 4. cxd5 exd5 5. Nf3 Nc6 6. g3 Nf6 7. Bg2 Be7 8. 0-0 0-0 9. dxc5 Bxc5 10. Bg5 d4 11. Bxf6 Qxf6 12. Ne4 Qe7 13. Nxc5 Qxc5 14. Rc1 Qb6 15. Qd2 Be6 16. a3 Rfd8 17. Ng5 Bf5 18. Qf4 Bg6 19. Be4 f6 20. Ne6 Rd7 21. Nc5 Re7 22. Bxc6 bxc6 23. Qxd4 Rd8 24. Qc3 Bh5 25. Rfe1 Rde8 26. e4 Bg6 27. b4 h5 28. f3 h4 29. Kg2 hxg3 30. hxg3 f5 31. e5 Bf7 32. e6 Bxe6 33. Rxe6 Rxe6 34. Qb3 Kf7 35. Re1 1-0

[Event "Vsetin op 45th"]
[Site "Vsetin"]
[Date "2020.07.08"]
[Round "7"]
[White "Vylicil, Adam"]
[Black "Bosak, Jan"]
[Result "0-1"]
[WhiteElo "1842"]
[BlackElo "2046"]
[PlyCount "48"]
[EventDate "2020.07.04"]
[EventType "swiss"]
[EventRounds "9"]
[EventCountry "CZE"]
[SourceTitle "CBM 197 Extra"]
[Source "ChessBase"]
[SourceDate "2020.09.30"]
[SourceVersion "1"]
[SourceVersionDate "2020.09.30"]
[SourceQuality "1"]

1. d4 Nf6 2. Bg5 d5 3. Bxf6 gxf6 4. e3 e6 5. Nf3 c5 6. c4 cxd4 7. exd4 Nc6 8. Nc3 dxc4 9. Bxc4 Be7 10. 0-0 0-0 11. d5 exd5 12. Nxd5 Bd6 13. Ne3 Ne5 14. Bb3 Bc5 15. Nxe5 Qxd1 16. Raxd1 fxe5 17. Rfe1 Kg7 18. h3 a5 19. a4 Bd4 20. Rb1 Ra6 21. Bc2 f5 22. g4 fxg4 23. hxg4 Rf4 24. Bf5 Bxf5 0-1

[Event "Vsetin op 45th"]
[Site "Vsetin"]
[Date "2020.07.07"]
[Round "5"]
[White "Stalmach, Richard"]
[Black "Bosak, Jan"]
[Result "1-0"]
[WhiteElo "2267"]
[BlackElo "2046"]
[PlyCount "115"]
[EventDate "2020.07.04"]
[EventType "swiss"]
[EventRounds "9"]
[EventCountry "CZE"]
[SourceTitle "CBM 197 Extra"]
[Source "ChessBase"]
[SourceDate "2020.09.30"]
[SourceVersion "1"]
[SourceVersionDate "2020.09.30"]
[SourceQuality "1"]

1. d4 Nf6 2. c4 g6 3. h4 c5 4. d5 e6 5. Nc3 exd5 6. cxd5 d6 7. e4 Bg7 8. Nge2 0-0 9. Ng3 Re8 10. Bg5 h6 11. Bf4 Nxe4 12. Ncxe4 f5 13. Qd2 Qf6 14. 0-0-0 fxe4 15. Bxh6 Qd4 16. Bxg7 Qxd2+ 17. Kxd2 Kxg7 18. h5 Nd7 19. hxg6 Nf6 20. Be2 Kxg6 21. Nh5 Ng4 22. Nf4+ Kg7 23. Bxg4 Bxg4 24. f3 Rf8 25. Ne6+ Bxe6 26. dxe6 Rae8 27. fxe4 Rxe6 28. Ke3 Rff6 29. Rh5 Rh6 30. Rxh6 Kxh6 31. g4 Kg5 32. Kf3 b5 33. Rd5+ Kg6 34. Kf4 a6 35. g5 a5 36. Rd2 Kf7 37. Rh2 Kg7 38. Rd2 Kf7 39. Rd5 a4 40. b4 axb3 41. axb3 b4 42. Rd2 Kg6 43. Ra2 Kf7 44. Ra6 Ke7 45. Ra7+ Kd8 46. Kf5 Re7 47. Ra8+ Kd7 48. g6 Re5+ 49. Kf6 Re6+ 50. Kf5 Re5+ 51. Kf4 Re8 52. Ra6 Ke6 53. e5 Rf8+ 54. Ke4 Rf1 55. Rxd6+ Ke7 56. Kd5 Re1 57. Ra6 Re2 58. Ra8 1-0

[Event "Vsetin op 45th"]
[Site "Vsetin"]
[Date "2020.07.06"]
[Round "4"]
[White "Bosak, Jan"]
[Black "Vojta, Tomas"]
[Result "1-0"]
[WhiteElo "2046"]
[BlackElo "2349"]
[PlyCount "139"]
[EventDate "2020.07.04"]
[EventType "swiss"]
[EventRounds "9"]
[EventCountry "CZE"]
[SourceTitle "CBM 197 Extra"]
[Source "ChessBase"]
[SourceDate "2020.09.30"]
[SourceVersion "1"]
[SourceVersionDate "2020.09.30"]
[SourceQuality "1"]

1. c4 e5 2. Nc3 Nc6 3. Nf3 f5 4. d4 e4 5. Ng5 h6 6. Nh3 g5 7. e3 Nf6 8. Ng1 d6 9. h4 g4 10. Nge2 Nh5 11. g3 Bg7 12. Nd5 Be6 13. Nef4 Nxf4 14. Nxf4 Bf7 15. Be2 0-0 16. Bd2 Ne7 17. Bc3 c6 18. b4 Ng6 19. Nxg6 Bxg6 20. Qd2 Bf7 21. 0-0 d5 22. c5 Be6 23. a4 Rf7 24. Rfb1 Bf6 25. Kg2 Bxh4 26. gxh4 Qxh4 27. Rh1 Qg5 28. Qe1 h5 29. Bd2 h4 30. Qg1 h3+ 31. Kf1 Qg7 32. Qg3 Raf8 33. Qf4 Rf6 34. b5 Rg6 35. Rg1 Qh8 36. Rg3 Qg7 37. Kg1 Rc8 38. bxc6 bxc6 39. Rb1 Rc7 40. Ba6 Rf7 41. Kh2 Kh7 42. Rb8 Rgf6 43. Rg1 Rg6 44. Rg3 Rgf6 45. Ba5 Rd7 46. Rd8 Rxd8 47. Bxd8 Rf7 48. Rg1 Rf8 49. Bc7 Kg6 50. Rb1 Bc8 51. Be2 Rf7 52. Be5 Qf8 53. Bd6 Qd8 54. Rb8 Rb7 55. Rxb7 Bxb7 56. Bc7 Qf6 57. Qd6 Bc8 58. Qd8 Qxd8 59. Bxd8 Kf7 60. Bc7 Ke6 61. Bb8 a6 62. Bf4 Kf6 63. Kg1 Ke6 64. Kf1 Kd7 65. Ke1 Kd8 66. Kd2 a5 67. Ke1 Be6 68. Ba6 Bc8 69. Bxc8 Kxc8 70. Kf1 1-0

[Event "Vsetin op 45th"]
[Site "Vsetin"]
[Date "2020.07.05"]
[Round "2"]
[White "Bosak, Jan"]
[Black "Obsivac, Josef"]
[Result "0-1"]
[WhiteElo "2046"]
[BlackElo "2257"]
[PlyCount "54"]
[EventDate "2020.07.04"]
[EventType "swiss"]
[EventRounds "9"]
[EventCountry "CZE"]
[SourceTitle "CBM 197 Extra"]
[Source "ChessBase"]
[SourceDate "2020.09.30"]
[SourceVersion "1"]
[SourceVersionDate "2020.09.30"]
[SourceQuality "1"]

1. c4 e5 2. Nc3 Nc6 3. Nf3 Nf6 4. e3 Bb4 5. Qc2 Bxc3 6. Qxc3 Qe7 7. d3 d5 8. cxd5 Nxd5 9. Qb3 Nb6 10. Bd2 0-0 11. Be2 Be6 12. Qc2 f6 13. 0-0 Rfd8 14. a3 a5 15. Rac1 Rd7 16. Qc5 Qd8 17. Qc2 a4 18. Bc3 Qe7 19. d4 Bb3 20. Qe4 Bd5 21. Qg4 e4 22. Nh4 Re8 23. Bd2 Qe6 24. f4 exf3 25. Qxe6+ Rxe6 26. gxf3 Nxd4 27. Bd1 Nb3 0-1

[Event "Vsetin op 45th"]
[Site "Vsetin"]
[Date "2020.07.04"]
[Round "1"]
[White "Marak, Jakub"]
[Black "Bosak, Jan"]
[Result "0-1"]
[WhiteElo "1686"]
[BlackElo "2046"]
[PlyCount "116"]
[EventDate "2020.07.04"]
[EventType "swiss"]
[EventRounds "9"]
[EventCountry "CZE"]
[SourceTitle "CBM 197 Extra"]
[Source "ChessBase"]
[SourceDate "2020.09.30"]
[SourceVersion "1"]
[SourceVersionDate "2020.09.30"]
[SourceQuality "1"]

1. e4 e6 2. d4 d5 3. Nd2 a6 4. Bd3 c5 5. dxc5 Bxc5 6. exd5 exd5 7. Ngf3 Nf6 8. 0-0 0-0 9. Nb3 Bb6 10. c3 Nc6 11. Bc2 h6 12. h3 Qd6 13. Nbd4 Re8 14. Be3 Bc7 15. Re1 Ne4 16. Qd3 Bd7 17. Ne2 g5 18. Bb3 Be6 19. Ned4 Rad8 20. Rad1 Nc5 21. Qd2 Nxb3 22. Nxb3 Ne5 23. Nbd4 Nc4 24. Qc2 Bc8 25. Bc1 Qf6 26. Rxe8+ Rxe8 27. Re1 Rxe1+ 28. Nxe1 Qe5 29. Nef3 Qe4 30. Qxe4 dxe4 31. Ne1 f5 32. Nec2 Kf7 33. Kf1 Kf6 34. Ke2 f4 35. Nb4 Ke5 36. Nbc2 f3+ 37. gxf3 Bxh3 38. fxe4 Kxe4 39. Nb4 Ne5 40. Nbc2 Bg4+ 41. Kd2 Nd3 42. f3+ Bxf3 43. Nxf3 Bf4+ 44. Kd1 Bxc1 45. Nh2 Bxb2 46. Ng4 Bxc3 47. Nxh6 Bg7 48. Nf7 Kf4 49. Nd8 Nc5 50. Ke2 g4 51. Ne3 Bf6 52. Nf7 Bd4 53. Nc2 Be5 54. Ne3 Bd4 55. Nc2 Bf6 56. Nd6 Be7 57. Nc4 Ne4 58. Kd3 Bc5 0-1

[Event "CZE-chT1E 1920"]
[Site "Czech Republic"]
[Date "2020.01.19"]
[Round "6.3"]
[White "Kocian, Karel"]
[Black "Bosak, Jan"]
[Result "1-0"]
[WhiteElo "2121"]
[BlackElo "2047"]
[PlyCount "89"]
[EventDate "2019.10.20"]
[EventType "team-tourn"]
[EventRounds "11"]
[EventCountry "CZE"]
[SourceTitle "CBM 194 Extra"]
[Source "ChessBase"]
[SourceDate "2020.03.31"]
[SourceVersion "1"]
[SourceVersionDate "2020.03.31"]
[SourceQuality "1"]
[WhiteTeam "Trinec"]
[BlackTeam "Vsetin"]
[WhiteTeamCountry "CZE"]
[BlackTeamCountry "CZE"]

1. Nf3 d5 2. g3 c5 3. c4 d4 4. b4 cxb4 5. a3 b3 6. Qxb3 Nc6 7. Bg2 e5 8. d3 Nf6 9. 0-0 Bd6 10. Nbd2 0-0 11. h3 h6 12. Ne1 Qc7 13. Nc2 b6 14. Nb4 Bb7 15. Bb2 Na5 16. Qa2 Bxg2 17. Kxg2 Nb7 18. Nd5 Nxd5 19. cxd5 Nc5 20. a4 Qb7 21. a5 b5 22. a6 Qb6 23. Rfb1 Na4 24. Ne4 Rfc8 25. Qb3 Rab8 26. Nxd6 Qxd6 27. Ba3 Qxa6 28. Be7 Rb6 29. d6 Qb7+ 30. f3 Nc3 31. Rc1 a6 32. Rc2 Rbc6 33. Kf1 Qd7 34. g4 h5 35. Kg2 Nd5 36. Qxd5 Rxc2 37. Rxa6 Rxe2+ 38. Kg3 hxg4 39. hxg4 b4 40. Rb6 Rc1 41. Rb8+ Kh7 42. Qxf7 Rg1+ 43. Kh4 Rh2+ 44. Kg5 Rh6 45. Qg8# 1-0

[Event "CZE-chT1E 1920"]
[Site "Czech Republic"]
[Date "2019.11.10"]
[Round "2.1"]
[White "Splichal, Stanislav"]
[Black "Bosak, Jan"]
[Result "1-0"]
[WhiteElo "2086"]
[BlackElo "2047"]
[PlyCount "89"]
[EventDate "2019.10.20"]
[EventType "team-tourn"]
[EventRounds "11"]
[EventCountry "CZE"]
[SourceTitle "CBM 193 Extra"]
[Source "ChessBase"]
[SourceDate "2020.01.31"]
[SourceVersion "1"]
[SourceVersionDate "2020.01.31"]
[SourceQuality "1"]
[WhiteTeam "Ostrava"]
[BlackTeam "Vsetin"]
[WhiteTeamCountry "CZE"]
[BlackTeamCountry "CZE"]

1. d4 Nf6 2. Nf3 g6 3. c4 Bg7 4. g3 0-0 5. Bg2 c5 6. 0-0 cxd4 7. Nxd4 Nc6 8. Nc3 Nxd4 9. Qxd4 d6 10. Qd3 Qc7 11. Bd2 Be6 12. b3 Qd7 13. Rac1 Bh3 14. Rfd1 Bxg2 15. Kxg2 Rfc8 16. f3 Rc6 17. e4 a6 18. Be3 b5 19. cxb5 axb5 20. e5 Ne8 21. Qxb5 Nc7 22. Qb7 Bxe5 23. Na4 Raa6 24. Nb6 Rxa2+ 25. Rd2 Rxb6 26. Qxb6 Rxd2+ 27. Bxd2 Ne6 28. Bh6 Bg7 29. Qb8+ Nf8 30. Bxg7 Kxg7 31. Qc8 Qb5 32. Qc4 Qb6 33. b4 Ne6 34. Re1 d5 35. Qc3+ d4 36. Qc4 Qd6 37. h4 h5 38. Rd1 f5 39. f4 Kf6 40. b5 Qa3 41. Re1 Qd6 42. Re5 Kf7 43. Kf2 d3 44. Ke1 Kf6 45. Rd5 1-0

[Event "Tatry op"]
[Site "Tatranske Zruby"]
[Date "2019.10.03"]
[Round "7"]
[White "Bosak, Jan"]
[Black "Franzen, Jozef"]
[Result "1/2-1/2"]
[WhiteElo "2030"]
[BlackElo "2238"]
[PlyCount "107"]
[EventDate "2019.09.28"]
[EventType "swiss"]
[EventRounds "9"]
[EventCountry "SVK"]
[SourceTitle "EXT 2020"]
[Source "ChessBase"]
[SourceDate "2019.10.17"]
[SourceVersion "1"]
[SourceVersionDate "2019.10.17"]
[SourceQuality "1"]

1. c4 Nf6 2. Nc3 g6 3. Nf3 Bg7 4. d4 0-0 5. e4 d6 6. Be2 Nbd7 7. 0-0 e5 8. Qc2 c6 9. Rd1 exd4 10. Nxd4 Qc7 11. Bf4 Ne5 12. b4 Re8 13. Rab1 a5 14. b5 Nfd7 15. Na4 c5 16. b6 Qd8 17. Nb5 Nxb6 18. Nxb6 Qxb6 19. Nxd6 Qc6 20. Nxe8 Qxe8 21. Rd5 Nc6 22. Bd6 Nb4 23. Qd2 Nxd5 24. Qxd5 Bd4 25. Bxc5 Bxc5 26. Qxc5 Qxe4 27. Rd1 Be6 28. Qe3 Qxe3 29. fxe3 Rc8 30. Rd4 Kf8 31. Kf2 Ke7 32. Kf3 Rc5 33. Ke4 Bf5+ 34. Kf3 Bb1 35. a3 Bc2 36. e4 Ba4 37. Kf4 Bc6 38. h4 f6 39. g3 h6 40. Bg4 Re5 41. Bh3 Rc5 42. Bg4 b6 43. Be2 Bd7 44. Ke3 Be6 45. Kf4 g5+ 46. Ke3 Rc8 47. hxg5 hxg5 48. Bf1 Rh8 49. Rd2 Rh1 50. Rf2 Bg4 51. Bd3 Ra1 52. Rb2 Rxa3 53. Rxb6 a4 54. c5 1/2-1/2

[Event "Valasska Bystrice op 11th"]
[Site "Valasska Bystrice"]
[Date "2019.09.08"]
[Round "2"]
[White "Bosak, Jan"]
[Black "Ambros, Zdenek"]
[Result "1-0"]
[WhiteElo "2030"]
[BlackElo "1833"]
[PlyCount "41"]
[EventDate "2019.09.07"]
[EventType "swiss"]
[EventRounds "9"]
[EventCountry "CZE"]
[SourceTitle "EXT 2020"]
[Source "ChessBase"]
[SourceDate "2019.10.17"]
[SourceVersion "1"]
[SourceVersionDate "2019.10.17"]
[SourceQuality "1"]

1. c4 Nf6 2. Nc3 e6 3. e4 c5 4. e5 Ng8 5. d4 cxd4 6. Qxd4 Nc6 7. Qe4 d6 8. Nf3 dxe5 9. Nxe5 Nxe5 10. Qxe5 Qd6 11. Qe3 a6 12. Be2 Nf6 13. 0-0 Qc5 14. Na4 Qxe3 15. Bxe3 Bd7 16. Nb6 Rd8 17. Nxd7 Nxd7 18. Rfd1 Be7 19. Bf3 Rb8 20. Ba7 Rd8 21. Bd4 1-0

[Event "Valasska Bystrice op 11th"]
[Site "Valasska Bystrice"]
[Date "2019.09.08"]
[Round "3"]
[White "Zvolanek, Libor"]
[Black "Bosak, Jan"]
[Result "1/2-1/2"]
[WhiteElo "2154"]
[BlackElo "2030"]
[PlyCount "40"]
[EventDate "2019.09.07"]
[EventType "swiss"]
[EventRounds "9"]
[EventCountry "CZE"]
[SourceTitle "EXT 2020"]
[Source "ChessBase"]
[SourceDate "2019.10.17"]
[SourceVersion "1"]
[SourceVersionDate "2019.10.17"]
[SourceQuality "1"]

1. e4 e6 2. d3 c5 3. Nf3 Nc6 4. g3 d5 5. Nbd2 Nf6 6. Bg2 Be7 7. 0-0 0-0 8. Re1 Qc7 9. e5 Nd7 10. Qe2 b5 11. h4 Bb7 12. Nf1 Nd4 13. Nxd4 cxd4 14. Bf4 Rfc8 15. Rec1 Qb6 16. Nh2 Rc6 17. h5 Rac8 18. Nf3 a5 19. h6 g6 20. a3 Ba6 1/2-1/2

[Event "Valasska Bystrice op 11th"]
[Site "Valasska Bystrice"]
[Date "2019.09.07"]
[Round "1"]
[White "Parak, Frantisek"]
[Black "Bosak, Jan"]
[Result "0-1"]
[WhiteElo "1614"]
[BlackElo "2030"]
[PlyCount "124"]
[EventDate "2019.09.07"]
[EventType "swiss"]
[EventRounds "9"]
[EventCountry "CZE"]
[SourceTitle "EXT 2020"]
[Source "ChessBase"]
[SourceDate "2019.10.17"]
[SourceVersion "1"]
[SourceVersionDate "2019.10.17"]
[SourceQuality "1"]

1. e4 e6 2. d4 d5 3. exd5 exd5 4. Nf3 Nf6 5. Bd3 c5 6. dxc5 Bxc5 7. 0-0 0-0 8. c3 Nc6 9. Bg5 Bg4 10. Nbd2 Qd6 11. Qc2 Kh8 12. Bf5 Bh5 13. Qd3 Ne7 14. Nb3 Nxf5 15. Qxf5 Bg4 16. Qf4 Bxf3 17. Qxf3 Ne4 18. Bf4 Qc6 19. Rad1 Bb6 20. Be5 Rae8 21. Bd4 Bc7 22. Qg4 Qh6 23. h3 f5 24. Qf3 Qd6 25. g3 f4 26. Qg4 Qh6 27. Rd3 Rf7 28. Rfd1 Ref8 29. Nc5 fxg3 30. fxg3 Ng5 31. Kg2 b6 32. Nb3 Nxh3 33. Qxh3 Rf2+ 34. Bxf2 Rxf2+ 35. Kxf2 Qxh3 36. Nd4 Qh2+ 37. Kf3 Qxg3+ 38. Ke2 Qg2+ 39. Ke3 g5 40. Ne2 Qe4+ 41. Kd2 h5 42. Re3 Qg6 43. Re7 Bd6 44. Rxa7 Qf5 45. Re1 h4 46. Nd4 Bf4+ 47. Ke2 Qg4+ 48. Kd3 Qg3+ 49. Ke2 g4 50. Kf1 Be3 51. Ra8+ Kh7 52. Ra7+ Kg6 53. Rg7+ Kf6 54. Rxe3 Qxe3 55. Rxg4 h3 56. Rh4 Qg3 57. Rh6+ Kg5 58. Rh8 Qg2+ 59. Ke1 Kf6 60. Rf8+ Ke7 61. Rf2 Qg1+ 62. Ke2 h2 0-1

[Event "CZE-chT2E 1819"]
[Site "Czech Republic"]
[Date "2019.01.27"]
[Round "7.6"]
[White "Balazec, Ludovit"]
[Black "Bosak, Jan"]
[Result "1/2-1/2"]
[WhiteElo "1948"]
[BlackElo "2079"]
[PlyCount "66"]
[EventDate "2018.10.14"]
[EventType "team-tourn"]
[EventRounds "11"]
[EventCountry "CZE"]
[SourceTitle "EXT 2022"]
[Source "ChessBase"]
[SourceDate "2021.10.06"]
[SourceVersion "1"]
[SourceVersionDate "2021.10.06"]
[SourceQuality "1"]
[WhiteTeam "Zlin"]
[BlackTeam "Vsetin"]
[WhiteTeamCountry "CZE"]
[BlackTeamCountry "CZE"]

1. e4 e6 2. d4 d5 3. Nd2 a6 4. c3 c5 5. g3 cxd4 6. cxd4 dxe4 7. Nxe4 Bb4+ 8. Nc3 Nc6 9. Be3 Nf6 10. Bg2 0-0 11. Nge2 Ne7 12. 0-0 Ned5 13. Bg5 Be7 14. Qb3 Nxc3 15. bxc3 Rb8 16. c4 Bd6 17. Qf3 Bd7 18. Bxf6 Qxf6 19. Qxf6 gxf6 20. c5 Bc7 21. Nc3 Bc6 22. Rab1 Rfd8 23. Rfd1 Kg7 24. d5 exd5 25. Nxd5 Ba5 26. Rd4 f5 27. Ne3 Kg6 28. Rf4 Bd2 29. Bxc6 bxc6 30. Rxb8 Rxb8 31. Rf3 Rb1+ 32. Nf1 Bb4 33. Rd3 Rb2 1/2-1/2

[Event "CZE-chT2E 1819"]
[Site "Czech Republic"]
[Date "2019.01.13"]
[Round "6.6"]
[White "Bosak, Jan"]
[Black "Petrik, Petr"]
[Result "1/2-1/2"]
[WhiteElo "2079"]
[BlackElo "2049"]
[PlyCount "77"]
[EventDate "2018.10.14"]
[EventType "team-tourn"]
[EventRounds "11"]
[EventCountry "CZE"]
[SourceTitle "EXT 2022"]
[Source "ChessBase"]
[SourceDate "2021.10.06"]
[SourceVersion "1"]
[SourceVersionDate "2021.10.06"]
[SourceQuality "1"]
[WhiteTeam "Vsetin"]
[BlackTeam "Kromeriz Slavia II"]
[WhiteTeamCountry "CZE"]
[BlackTeamCountry "CZE"]

1. e4 c5 2. Nf3 Nc6 3. d4 cxd4 4. Nxd4 g6 5. c4 Bg7 6. Be3 Nf6 7. Nc3 0-0 8. Be2 d6 9. 0-0 Bd7 10. Qd2 Ng4 11. Bxg4 Bxg4 12. Rac1 Nxd4 13. Bxd4 Be6 14. b3 Re8 15. Nd5 Bxd5 16. cxd5 Bxd4 17. Qxd4 Qa5 18. Qb2 Rac8 19. Rc2 Rxc2 20. Qxc2 Qc5 21. Qxc5 dxc5 22. Rc1 b6 23. Kf1 e6 24. d6 e5 25. b4 Rd8 26. bxc5 bxc5 27. Rxc5 Rxd6 28. Rxe5 Ra6 29. Ke2 Rxa2+ 30. Kf3 Kg7 31. h4 h5 32. g3 a5 33. Ke3 Kf6 34. Re8 a4 35. f3 Rg2 36. Kf4 a3 37. e5+ Kg7 38. Ra8 a2 39. g4 1/2-1/2

[Event "Tatry op"]
[Site "Tatranske Zruby"]
[Date "2018.10.01"]
[Round "3"]
[White "Brnusak, Tomas"]
[Black "Bosak, Jan"]
[Result "1/2-1/2"]
[WhiteElo "1944"]
[BlackElo "2079"]
[PlyCount "78"]
[EventDate "2018.09.30"]
[EventType "swiss"]
[EventRounds "9"]
[EventCountry "SVK"]
[SourceTitle "CBM 186 Extra"]
[Source "ChessBase"]
[SourceDate "2018.08.24"]
[SourceVersion "1"]
[SourceVersionDate "2018.08.24"]
[SourceQuality "1"]

1. d4 Nf6 2. c4 g6 3. Nc3 d5 4. Nf3 Bg7 5. Qb3 dxc4 6. Qxc4 0-0 7. e4 c6 8. Qb3 Nfd7 9. Be3 Nb6 10. Rd1 Be6 11. Qc2 N8d7 12. Be2 Nc4 13. Bc1 Ndb6 14. b3 Nd6 15. 0-0 Rc8 16. h3 h6 17. Bf4 Kh7 18. Be5 f6 19. Bh2 Bf7 20. Bd3 Qe8 21. Rfe1 e5 22. dxe5 fxe5 23. Nb1 Qe7 24. Nbd2 Rcd8 25. Nf1 Bg8 26. Ne3 Nf7 27. h4 Rd6 28. a4 Rfd8 29. a5 Nc8 30. Nc4 Re6 31. Be2 Ncd6 32. Bf1 Bf6 33. Bg3 Nxc4 34. Bxc4 Red6 35. Rxd6 Qxd6 36. Qc3 Re8 37. Re2 Qd1+ 38. Re1 Qd6 39. Re2 Qd1+ 1/2-1/2

[Event "Vsetin op 43rd"]
[Site "Vsetin"]
[Date "2018.07.11"]
[Round "9"]
[White "Frank, Adam"]
[Black "Bosak, Jan"]
[Result "1-0"]
[WhiteElo "1984"]
[BlackElo "2119"]
[PlyCount "47"]
[EventDate "2018.07.04"]
[EventType "swiss"]
[EventRounds "9"]
[EventCountry "CZE"]
[SourceTitle "CBM 185 Extra"]
[Source "ChessBase"]
[SourceDate "2018.07.29"]
[SourceVersion "1"]
[SourceVersionDate "2018.07.29"]
[SourceQuality "1"]

1. e4 e5 2. Nf3 Nc6 3. Bb5 a6 4. Ba4 Nf6 5. 0-0 b5 6. Bb3 Bb7 7. Re1 Bc5 8. c3 d6 9. d3 h6 10. Nbd2 0-0 11. Nf1 Na5 12. Bc2 Bb6 13. Ng3 c5 14. Nf5 Qc7 15. Qd2 Bc8 16. Nxg7 Ng4 17. Nh5 f5 18. exf5 Rxf5 19. Ng3 Rf7 20. h3 e4 21. Nxe4 d5 22. Ng3 Nf6 23. Qxh6 d4 24. Bg5 1-0